000 00368 a2200145 4500
020 _a978-989-33-5633-3
040 _aISPLB
082 _a9(1)
_b32
100 _9963
_aCANDEMBO ,Silva
245 _aHerminio Escorcio (uma vida de dedicacao a politica e ao Desporto )
260 _aLuanda ,
_bLivros APL
_c2024.
300 _a221p
650 _aPolitica
942 _cLivros
999 _c2159
_d2159